00563nam a2200193Ia 4500008004100000050001300041050001400054100003500068245005000103245003500153260003100188260001000219260001000229300001600239300002000255300001100275500005600286521002700342170504s9999 xx 000 0 und d aQA 76.5  b.J91 2016 aJuan, Phillippe Christopher G. aOnline ordering system for baby's puto cake / cPhillippe Christopher G. Juan. aLas Piñas, Philippines : bSISC, c2016. a115 pages : billustrations ; c28 cm. aIncludes bibliographical references and appendices. aInformation Technology